Microfinanciamiento y desarrollo local experiencia en Cuba /
Salvato in:
| Autore principale: | |
|---|---|
| Altri autori: | , |
| Natura: | testo |
| Tags: |
Aggiungi Tag
Nessun Tag, puoi essere il primo ad aggiungerne!!
|
MARC
| LEADER | 00000 a a2200000 04500 | ||
|---|---|---|---|
| 001 | 43357 | ||
| 003 | |||
| 040 | |||
| 100 | |a Castillo Sánchez, Luis del | ||
| 245 | |a Microfinanciamiento y desarrollo local experiencia en Cuba / |c Luis del Castillo Sánchez ; Martha Zaldivar Puig ; Lidia Villar López | ||
| 700 | |a Zaldivar Puig, Martha | ||
| 700 | |a Villar López, Lidia | ||
| 773 | |g páginas 153-171 : tablas | ||
| 999 | |c 32756 |d 32756 | ||
